00496 2200205 4500001002100000008004100021035002000062082000800082084001400090100001900104245005600123250000600179260003200185300001200217650001300229990001200242990001200254990001200266990001200278INLIS000000000000715 ind  a0010-0424000691 a600 a600 STE h aBlee, Steffano aHaving Fun With Microsoft Excel 2010cSteffano Blee a1 aYogyakarta :bSkriptac2011 a248 hlm aNonfiksi a0721940 a0721941 a0721942 a0721943